[Event "Klatovy op-B 22nd"]
[Site "Klatovy"]
[Date "2016.07.10"]
[Round "9"]
[White "Vasko, Pavel"]
[Black "Severin, Alois"]
[Result "1-0"]
[WhiteElo "1619"]
[BlackElo "1240"]
[PlyCount "73"]
[EventDate "2016.07.02"]
[EventType "swiss"]
[EventRounds "9"]
[EventCountry "CZE"]
[SourceTitle "EXT 2019"]
[Source "ChessBase"]
[SourceDate "2018.10.10"]
[SourceVersion "1"]
[SourceVersionDate "2018.10.10"]
[SourceQuality "1"]

1. e4 d5 2. exd5 Qxd5 3. Nc3 Qe6+ 4. Be2 Bd7 5. Nf3 g6 6. d3 Bg7 7. Bd2 Bc6 8. 0-0 Bf6 9. Rb1 Nd7 10. Ng5 Bxg5 11. Bxg5 Ngf6 12. Bh6 Ne5 13. h3 Ng8 14. Bg7 Nf6 15. d4 Ned7 16. Bxh8 0-0-0 17. Bxf6 Qxf6 18. Bc4 Qg5 19. f3 e6 20. Rf2 Nf6 21. Ne2 Nh5 22. c3 a6 23. Qc1 Qxc1+ 24. Rxc1 b5 25. Bd3 g5 26. f4 h6 27. fxg5 hxg5 28. Rxf7 Bd5 29. c4 bxc4 30. Bxc4 Bxc4 31. Rxc4 Rd7 32. Rf8+ Rd8 33. Rxd8+ Kxd8 34. Ra4 Kd7 35. Rxa6 Nf4 36. Nxf4 gxf4 37. h4 1-0

[Event "Klatovy op-B 22nd"]
[Site "Klatovy"]
[Date "2016.07.05"]
[Round "4"]
[White "Severin, Alois"]
[Black "Velkoborsky, Tadeas"]
[Result "1-0"]
[WhiteElo "1240"]
[BlackElo "1100"]
[PlyCount "89"]
[EventDate "2016.07.02"]
[EventType "swiss"]
[EventRounds "9"]
[EventCountry "CZE"]
[SourceTitle "EXT 2019"]
[Source "ChessBase"]
[SourceDate "2018.10.10"]
[SourceVersion "1"]
[SourceVersionDate "2018.10.10"]
[SourceQuality "1"]

1. e4 e5 2. Nf3 Nc6 3. Nc3 Bc5 4. Bc4 Nf6 5. d4 exd4 6. Nxd4 Bxd4 7. Bg5 0-0 8. 0-0 Bxc3 9. bxc3 h6 10. Bh4 g5 11. Bg3 Nxe4 12. Qd3 Nf6 13. Rfe1 Ng4 14. Qe4 d6 15. Bd3 Nf6 16. Qc4 Be6 17. Qb5 a6 18. Qxb7 Bd5 19. c4 Nd4 20. Qb2 Nxc2 21. Bxc2 Bxc4 22. Qc3 Bd5 23. Re3 Bxg2 24. Kxg2 Nd5 25. Qd3 Nxe3+ 26. fxe3 f5 27. e4 Qf6 28. Rf1 Rae8 29. Bb3+ Kh8 30. Rxf5 Qb2+ 31. Bc2 Rxf5 32. exf5 Qxa2 33. Qc3+ Re5 34. Bxe5+ dxe5 35. Qxe5+ Kg8 36. Qe8+ Kg7 37. Qg6+ Kh8 38. f6 Qd5+ 39. Be4 Qd2+ 40. Kf3 Qf4+ 41. Ke2 Qxh2+ 42. Kd3 Qd6+ 43. Kc4 Qe6+ 44. Bd5 Qd7 45. Qg8# 1-0